Named Vaults in Women's Artistic Gymnastics - Statistics

General Stats
  • This quiz has been taken 19 times
  • The average score is 6 of 22
Answer Stats
Vault Gymnast % Correct
Round off flic-flac with ½ turn (180°) on – stretched salto fwd with 2/1 twist (720°) off Round-off, flic-flac on – double piked salto bwd off Simone Biles
100%
Round-off flic-flac with ½ turn (180°) on – stretched salto fwd with 1½ twist (540°) off Cheng Fei
94%
Round-off, flic-flac on –stretched salto bwd with 2½ twist (900°) off Simona Amânar
94%
Round-off, flic-flac on – tucked salto bwd off Natalia Yurchenko
56%
Handspring fwd on – piked salto fwd with 1/1 twist (360°) offHandspring fwd on – stretched salto fwd with 1½ twist (540°) off Oksana Chusovitina
50%
Round-off, flic-flac with ½ turn (180°) on – piked salto fwd off Oksana Omelianchik
31%
Round-off, flic-flac on – stretched salto bwd with 2/1 twist (720°) off Svetlana Baitova
31%
Handspring fwd on – tucked double salto fwd off Yelena Produnova
31%
Round-off, flic-flac with ½ turn (180°) on – piked salto fwd with ½ twist (180°) off Lilia Podkopayeva
25%
Round-off, flic-flac with ¾ turn (270°) on – tucked salto bwd off Patrizia Luconi
25%
Handspring fwd on – stretched salto fwd with 2/1 twist (720°) off Yeo Seojeong
25%
Tsukahara stretched with 2/1 twist (720°) off Elena Zamolodchikova
19%
Handspring fwd on – 1½ turn (540°) offTsukahara tucked with 1/1 twist (360°) off
Tsukahara stretched with 1/1 twist (360°) off
Nellie Kim
19%
Round-off, flic-flac on – tucked salto bwd with 2/1 twist (720°) off Erika Dungelova
13%
Handspring fwd with 1/1 turn (360°) on – tucked salto fwd off Elena Davydova
6%
Handspring fwd on – stretched salto fwd off Irina Evdokimova
6%
Round-off flic-flac with ½ turn (180°) on - tucked salto fwd with 1½ twist (540°) off Svetlana Khorkhina
6%
Round-off, flic-flac with ½ turn (180°) on – tucked salto fwd with ½ twist (180°) off Veronica Servente
6%
Handspring fwd on – stretched salto fwd with ½ twist (180°) off Wang Huiying
6%
Tsukahara tucked Ludmilla Tourischeva
0%
Round-off, flic-flac with ½ turn (180°) on – tucked salto fwd off Natalia Ivantcheva
0%
Handspring fwd with 1/1 turn (360°) on – 1/1 turn (360°) off Olga Korbut
0%
No matching quizzes found
Score Distribution
Percent of People with Each Score
Percentile by Number Answered
Your Score History
You have not taken this quiz